000 00456nam a2200181Ia 4500
005 20250326124002.0
008 250326s9999 xx 000 0 und d
037 _aTextbook
040 _aFMSL
_beng
_cFMSL
041 _aeng
_2eng
084 _aX K2
_qFMSL
100 _aMiller W
_9736556
245 0 _aMen in business
_cMiller W
260 _aNY
_bNY, Harper & Row
_c1962
300 _a389p
942 _cTB
_hX K2
999 _c1271770
_d1271770